00819nam a22002175i 4500001000700000003000900007005001700016008004100033080002100074100001900095245010800114260003200222300002100254490003100275500002700306500013600333500003800469700002200507830003100529852004100560176588ES-MaACL20230906220128.0110125s1954 sp a |||| | spa d a821.134.2-22"19"1 aTejedor, Luis.10aTres alcobas b: comedieta en un prólogo y tres actos / coriginal de Luis Tejedor y José Alfayate. aMadrid : b[s. n., c1954?] a57 p. ; c17 cm.1 aBiblioteca teatral ; v173 aAnteportada ilustrada. aEn port. : Estrenada el día 25 de noviembre de 1953, en el Teatro Reina Victoria, de Madrid, por la Compañía Gascó-Granada. aEncuadernado con otros títulos.0 aAlfayate, José.0 aBiblioteca teatral ; v173 aES-MaACLjE-14128 (173) xOlim P-302